000 01041cam a2200325 a 4500
003 CHAP
005 20220329142343.0
008 000913s1993 mx a r 00010 spa d
010 _a82227
011 _a83199
035 _a93710
040 _cCHAP
090 _aR-3699
100 0 0 _aNelson, Mark.
_980791
245 1 0 _aBiosphere 2 agriculture :
_btest bed for intensive, sustainable, non-polluting farming systems
500 _aSobretiro de: Outlock on agriculture 22 (3) 1993 pp.167-174
590 _aBATCH-UPD
_b10
_c20130110
_lUCH01
_h0434
590 _aBATCH-UPD
_b10
_c20130410
_lUCH01
_h0110
590 _aBATCH-UPD
_b10
_c20130914
_lUCH01
_h0636
590 _aCONVERSION
_b10
_c20130109
_lUCH01
_h1346
650 1 4 _aBiósfera.
_912844
650 1 4 _aLabranza de conservación.
_964308
650 1 4 _aSistemas de cultivo.
_9106746
700 0 _aPoynter, Jane.
_991192
700 0 _aSilverstone, Sally.
_9106099
901 _aBK
905 _aMayto Villalobos S.
942 _cREIMP
949 _aR-3699
_bBC
_cR
_d937101
_eTS1
_i93710
_sb
999 _c82227
_d82227